| 000 | 01437nam a22002657a 4500 | ||
|---|---|---|---|
| 005 | 20091116111250.0 | ||
| 008 | 091116t xxu||||| |||| 00| 0 hin d | ||
| 010 | _aHIN-88605 | ||
| 020 |
_c160.00 _a9788182991996 |
||
| 035 | _aHN-60951 | ||
| 037 | _bDBAD / PUB | ||
| 040 |
_aDPL _bHN |
||
| 082 | _a954.07 | ||
| 100 | _aतारा सिंह अनजान | ||
| 245 |
_aसंक्षिप्त नामधारी इतिहासः _cतारा सिंह अनजान _b(2008 ई. तक) / |
||
| 246 |
_aSankshipt Namdhari Itihaas: _bby Tara Singh Anjaan |
||
| 260 |
_aदिल्ली _bआरसी पब्लसिशरज _c2009 |
||
| 270 |
_aचांदना चौक, (नजदीकी गौरी शंकर मंदिर) _bदिल्ली _e110006 _k23280657 |
||
| 300 |
_a143पृ _c22सेमी (सजिल्द) |
||
| 650 |
_aसिक्ख _xइतिहास |
||
| 651 |
_2Sikhs _aHistory |
||
| 942 |
_2ddc _cHN _h954.07 _mतारासिं |
||
| 999 |
_c31923 _d31923 |
||